The microbial world
Bewaard in:
| Hoofdauteurs: | , , |
|---|---|
| Formaat: | Boek |
| Taal: | Engels |
| Gepubliceerd in: |
Englewood Cliffs
Prentice-Hall
1970
|
| Editie: | 3a. ed |
| Onderwerpen: | |
| Tags: |
Voeg label toe
Geen labels, Wees de eerste die dit record labelt!
|
MARC
| LEADER | 00000nam a2200000 a 4500 | ||
|---|---|---|---|
| 001 | UCR4914 | ||
| 003 | CL-VaPUC | ||
| 008 | 980320e19700000us |||||||||||||||||eng|d | ||
| 082 | 0 | 4 | |a 576 |b STA |2 21 |
| 100 | 0 | |a Stanier, Roger Y |e author |9 405476 | |
| 700 | 0 | |a Adelberg, Edward A |e author |9 405477 | |
| 700 | |a Ingraham, John L |e author |9 585924 | ||
| 245 | 1 | 4 | |a The microbial world |
| 250 | |a 3a. ed | ||
| 300 | |a 873 p | ||
| 942 | |c BK | ||
| 945 | |d 19980320 00:00:00 |a crobeson | ||
| 260 | |a Englewood Cliffs |b Prentice-Hall |c 1970 | ||
| 650 | 0 | |a Microbiología |9 259706 | |
| 650 | 0 | |a Cultivos celulares |9 326596 | |
| 650 | 0 | |a Células |9 269548 | |
| 650 | 0 | |a Metabolismo |9 259893 | |
| 650 | 0 | |a Virus |9 316452 | |
| 650 | 0 | |a Microbios |9 326597 | |
| 583 | |a last modification |c 20150428 02:44:08 |k Rodrigo Vera | ||
| 999 | |c 267698 |d 267696 | ||
| 952 | |0 0 |1 0 |4 0 |6 576_000000000000000_STA_1970 |7 0 |8 A |9 300196 |a BIBALI |b BIBALI |c GEN |d 2019-11-20 |i 1967665 |o 576 STA 1970 |p 1967665 |r 2025-01-20 |w 2019-11-20 |y BK |k ALI | ||